000 00632nam a22002177a 4500
999 _c186061
_d186061
005 20220311172423.0
010 _aENG-131572
020 _a9788131528990
_c825.00
035 _aEN-115104
037 _bDBAD
082 _a150
245 _aIntroduction To Psychology/
_cSusan Nolen-Hoeksema [et al.]
250 _a16th Edition
260 _aDelhi
_bCengage Learning India Pvt. Ltd
_c2014
270 _a418, F.I.E. Patparganj
_bDelhi
_e110092
300 _a728p.
_c27cm(pbk)
700 _aFredrickson, Barbara L.
700 _aLoftus, Geoffrey R.
700 _aLutz, Christel
942 _2ddc
_cEN
_h150
_mINT